Investigación sobre los efectos sociales de la urbanización en un área obrera del Gran Buenos Aires /
Se obtiene una descripción de un grupo de inmigrados desde el interior al Gran Buenos Aires, Argentina, y se estudian sus motivaciones, el impacto de la vida urbana y la existencia de diferencias entre grupos de inmigrados con distinta antigüedad de residencia en la ciudad. Se realizó un cuestionari...
Guardado en:
| Hovedforfatter: | |
|---|---|
| Format: | Texto |
| Fag: | |
| Tags: |
Tilføj Tag
Ingen Tags, Vær først til at tagge denne postø!
|
MARC
| LEADER | 00000 a a2200000 04500 | ||
|---|---|---|---|
| 001 | 41486 | ||
| 003 | |||
| 040 | |||
| 100 | |a Germani, Gino | ||
| 245 | |a Investigación sobre los efectos sociales de la urbanización en un área obrera del Gran Buenos Aires / |c Gino Germani | ||
| 520 | |a Se obtiene una descripción de un grupo de inmigrados desde el interior al Gran Buenos Aires, Argentina, y se estudian sus motivaciones, el impacto de la vida urbana y la existencia de diferencias entre grupos de inmigrados con distinta antigüedad de residencia en la ciudad. Se realizó un cuestionario con 169 preguntas que eran respondidas por el jefe de familia, o algún adulto competente. El instrumento fue aplicado a más de doscientas personas en el partido bonaerense de Avellaneda. | ||
| 590 | |a EFU/OCTUBRE2011 | ||
| 650 | |a SOCIOLOGIA | ||
| 650 | |a RESULTADOS DE INVESTIGACION | ||
| 650 | |a ARGENTINA | ||
| 650 | |a MIGRACION | ||
| 773 | |g páginas 410-441 | ||
| 999 | |c 20576 |d 20576 | ||
